000 00300nam a2200121Ia 4500
008 220204s9999 xx 000 0 und d
082 _a347.71992
_bRAM
100 _aRamaiya, A
245 0 _aGuide to the companies act. 2 V
250 _aEd.12
260 _aNagpur
_bWadhawa and Co
_c1992
942 _cBK
999 _c40376
_d40376